Everyone Wins!cooperative Games and Activities. (Record no. 12476)

MARC details
000 -LEADER
fixed length control field 00566nam a2200229 a 4500
020 ## - INTERNATIONAL STANDARD BOOK NUMBER
ISBN
082 00 - DEWEY DECIMAL CLASSIFICATION NUMBER
Classification number 303.69
Author Cutter SAM
100 ## - MAIN ENTRY--AUTHOR NAME
Author name Samghava,
245 ## - TITLE STATEMENT
Title Everyone Wins!cooperative Games and Activities.
260 ## - PUBLICATION, DISTRIBUTION, ETC. (IMPRINT)
Place of publication Canada
Name of publisher New Society Publishers
Year of publication 0000
300 ## - PHYSICAL DESCRIPTION
Number of Pages 100p
500 ## - GENERAL NOTE
General note includes index and biblioraphy
505 2# - FORMATTED CONTENTS NOTE
Formatted contents note Bibliography
650 ## - SUBJECT ADDED ENTRY--TOPICAL TERM
Topical Term Mediation
942 ## - ADDED ENTRY ELEMENTS (KOHA)
Koha item type Books
Holdings
Home library Current library Date acquired Cost, normal purchase price Full call number Accession Number Koha item type
Henry Martyn Institute Library Henry Martyn Institute Library 10/21/2009 411.70 303.69 SAM 019938 E-Books
                   Copyright © 2026 | Henry Martyn Institute | Hyderabad | TS-500052 | INDIA | Implemented by hmi.edu.in
Hit-Count:

Powered by Koha